书目信息 |
| 题名: |
城市经济学
|
|
| 作者: | 张琦 主编 | |
| 分册: | ||
| 出版信息: | 北京 经济日报出版社 2007 |
|
| 页数: | 340页 | |
| 开本: | 24cm | |
| 丛书名: | ||
| 单 册: | ||
| 中图分类: | F290 | |
| 科图分类: | ||
| 主题词: | 城市经济学 | |
| 电子资源: | ||
| ISBN: | 978-7-80180-655-0 | |
| 000 | 00724nam0 2200229 450 | |
| 001 | 012007031465 | |
| 005 | 20070804111453.64 | |
| 010 | @a978-7-80180-655-0@dCNY39.00@z7-80180-655-7 | |
| 100 | @a20070511d2007 em y0chiy0110 ea | |
| 101 | 0 | @achi |
| 102 | @aCN@b110000 | |
| 105 | @ay z 000yy | |
| 200 | 1 | @a城市经济学@9cheng shi jing ji xue@f张琦主编 |
| 210 | @a北京@c经济日报出版社@d2007 | |
| 215 | @a340页@d24cm | |
| 330 | @a本书包括:导论、城市与城市经济、城市体系与空间结构、城市化、城市经济圈、城市产业经济、城市土地经济等15章内容。 | |
| 510 | 1 | @aUrban economics@zeng |
| 606 | 0 | @a城市经济学 |
| 690 | @aF290@v4 | |
| 701 | 0 | @a张琦@9zhang qi@4主编 |
| 801 | 0 | @aCN@bRENTIAN@c20070804 |
| 905 | @a10447@dF290@e698 | |
| 城市经济学/张琦主编.-北京:经济日报出版社,2007 |
| 340页;24cm |
| ISBN 978-7-80180-655-0:CNY39.00 |
| 本书包括:导论、城市与城市经济、城市体系与空间结构、城市化、城市经济圈、城市产业经济、城市土地经济等15章内容。 |
| ● |
| 相关链接 |
|
|
|
|
正题名:城市经济学
索取号:F290/698
 
预约/预借
| 序号 | 登录号 | 条形码 | 馆藏地/架位号 | 状态 | 备注 |
| 1 | 0803795 | 208037952 | 第一样本阅览室/ [索取号:F290/698] | 在馆 | |
| 2 | 0803796 | 208037961 | 第一借阅区/ [索取号:F290/698] | 在馆 | |
| 3 | 0803797 | 208037970 | 第一借阅区/ [索取号:F290/698] | 在馆 | |
| 4 | 0803798 | 208037989 | 第一借阅区/ [索取号:F290/698] | 在馆 | |
| 5 | 0803799 | 208037998 | 第一借阅区/ [索取号:F290/698] | 在馆 |